ნორმალური ფორმატი
MARC ფორმატი
ჩანაწერი Personal Name
ჩანაწერთა რაოდენობა, რომელიც გამოყენებულია: 1
001 - CONTROL NUMBER
- control field: 11374
003 - CONTROL NUMBER IDENTIFIER
- control field: GE_BSU
005 - DATE AND TIME OF LATEST TRANSACTION
- control field: 20210415120827.0
008 - FIXED-LENGTH DATA ELEMENTS
- fixed length control field: 210415|| aca||aabn | a|a d
040 ## - CATALOGING SOURCE
- Original cataloging agency: GE_BSU
- Transcribing agency: GE_BSU
100 ## - HEADING--PERSONAL NAME
- Personal name: ლორია, მანონი
- Relator term: სამეცნიერო ხელმძღვანელი
670 ## - SOURCE DATA FOUND
- Source citation: Work cat.: (GE_BSU)51772: მოსულიშვილი, თამარ 11373, რაიტთერაპიის ეფექტურობის მექანიზმები კეთილთვისებიანი ჰიპერმობილური სახსრების სინდრომის მქონე (7-14წწ.) ბავშვებში /
